Els desnonaments rústics a Catalunya = Los deshaucios rústicos en Cataluña = L' expulsión des fermiers en Catalogne = Ejectment of farmers in Catalonia = Die Zlwangsräumung der katalanischen Pächter / Unió de Rabassaires i demés Cultivadors del Camp de Catalunya

por Unió de Rabassaires i demés Cultivadors del Camp de Catalunya

Publicado: Barcelona : [s.n.] , 1935
Descripción Física: 252 p. ; 19 cm

MARC

LEADER 00000nam a2200000Ia 4500
001 10354
008 160829s1935 xx 000 0 cat d
080 |a D-1-146 
100 |a Unió de Rabassaires i demés Cultivadors del Camp de Catalunya  |9 37446 
245 |a Els desnonaments rústics a Catalunya = Los deshaucios rústicos en Cataluña = L' expulsión des fermiers en Catalogne = Ejectment of farmers in Catalonia = Die Zlwangsräumung der katalanischen Pächter / Unió de Rabassaires i demés Cultivadors del Camp de Catalunya 
260 |a Barcelona :  |b [s.n.],  |c 1935 
300 |a 252 p. ;  |c 19 cm 
650 |a Arrendament  |x Catalunya   |9 37447 
650 |a Desnonament  |x Catalunya  |9 37448 
901 |a Arxiu 
942 |n 1 
952 |0 0  |1 0  |4 0  |6 D1146  |7 1  |9 47868  |a Arxiu  |b Arxiu  |d 2016-12-01  |l 0  |o D-1-146  |p 10354  |r 2016-12-01 00:00:00  |w 2016-12-01  |y ARXIU 
999 |c 51668  |d 51668